Sports: What Happens Next? - Statistics

General Stats
  • This quiz has been taken 71 times
  • The average score is 7 of 10
Answer Stats
Question Answer % Correct
Super Bowl XLIX Russell Wilson's pass is intercepted by Patriots' safety Malcolm Butler at the 1-yard line.
100%
2013 Iron Bowl The kick is short, and Auburn's Chris Davis returns it back 109 yards for a touchdow to win the game.
100%
2015 ALDS Game 5 José Bautista launches a go-ahead 3-run homer into the left field seats, punctuated by an epic bat flip.
91%
2011 NBA Finals Game 6 LeBron misses the shot, but Chris Bosh gets the offensive rebound and dishes it to Ray Allen in the corner who hits a game-tying 3-pointer to send the game to OT.
82%
Super Bowl LII Nick Foles moves up to the line of scrimmage while Clement takes the direct snap. He pitches the ball to tight end Trey Burton who throws to a wide open Foles in the endzone for a touchdown.
82%
2009 NFC Championship Favre scrambles to his right then throws across the middle of the field where his pass is intercepted by Saints' DB Tracy Porter.
64%
2010 Stanley Cup Final Game 6 Patrick Kane slips the puck past the goaltender to win the Stanley Cup for the Blackhawks.
64%
2016 World Series Game 7 Davis turns on a fastball and drives it over the wall in left field for a home run, tying the game 6-6.
45%
2014 World Cup Final André Schürrle's perfect pass is knocked in by Mario Götze to give Germany a 1-0 lead in the 113th minute.
36%
2011 World Series Game 6 David Freese hits a game-tying 2-run triple off the right field wall to keep the Cardinals' season alive.
0%
No matching quizzes found
Score Distribution
Percent of People with Each Score
Percentile by Number Answered
Your Score History
You have not taken this quiz